000 00891nam0a22002891 4500
001 2560435
005 20251118181723.4
021 _aRU
_b79-94408
035 _a(NLR Aleph) 006445622
090 _a5685634
_c5685634
100 _a20110316d1979 u y0rusy50 ca
101 1 _arus
_ager
_crus
102 _aRU
105 _aabc z |||||
200 1 _aVon Volksregatten zur Olympischen
_fHeino Kuivjōgi
_gÜbers. aus dem Russ. Peter Salzmann
210 _aTallinn
_cPerioodika
_d1979
215 _a80 с.
_cил., карт., портр.
_d22
320 _aБиблиогр.: с. 80
686 _aЧ517.178.4(2)9
_2rubbk
700 1 _aКуйвйыги
_bХ.А.
_gХейно Александрович
702 1 _aSalzmann
_bP.
_gPeter
_4730
801 0 _aRU
_bNLR
_gpsbo
801 1 _aRU
_bELAR
_2rusmarc
852 _aNLR
_jDesideratum
899 _aRuMoRGB
_jM 79-16/356
942 _cBOOK
980 _aNB